00933nab a2200253uuc4500001000800000005001700008008004100025035001200066040001300078041000800091100004700099245009200146650003500238650002400273650003200297650001900329650002900348650004400377700005500421700005000476773012400526942001000650999001900660143085320240202123957.0160122e20151205 eng  a1430853 ccomduadb aeng10aCruz Duarte, Jorge Mario4auteaut971925813aAn optimal high thermal conductive graphite microchannel for electronic devices cooling aConductividad térmica954296 aEnfriamiento930201 aDisipadores de calor934813 aGrafito918901 aMicroelectrónica92328 aMicrocanal rectangular óptimo921800210aAmaya Contreras, Iván Mauricio4auteaut963762310aCorrea Cely, Carlos Rodrigo4auteaut96209680 tRevista Facultad de Ingeniería (Medellín)gNúmero 77, Diciembre 2015, páginas 143-152w120998x0120-6230067890 cARIMP c736956d736956